| 000 | 00000nam 2200000za 4500 |
| 001 | 9.856110 |
| 003 | CaOODSP |
| 005 | 20221107155449 |
| 007 | cr ||||||||||| |
| 008 | 180503s2018 onc #o f|0| 0 eng d |
| 040 | |aCaOODSP|beng |
| 043 | |an-cn--- |
| 086 | 1 |aYC28-0/421-11E-PDF |
| 110 | 1 |aCanada. |bParliament. |bSenate. |bStanding Committee on Aboriginal Peoples. |
| 245 | 14|aThe subject matter of Bill C-45 |h[electronic resource] : |ban Act respecting cannabis and to amend the Controlled Drugs and Substances Act, the Criminal Code and other Acts / |cthe Honourable Senator Lillian Eva Dyck, chair ; the Honourable Senator Scott Tannas, deputy chair. |
| 260 | |a[Ottawa] : |bSenate, |c2018. |
| 300 | |a20 p. |
| 490 | 1 |aReport of the Standing Senate Committee on Aboriginal Peoples ; |v[11th report], 42nd Legislature, 1st session |
| 500 | |aIssued also in French under title: La teneur de projet de loi C-45 : Loi concernant le cannabis et modifiant la Loi réglementant certaines drogues et autres substances, le Code criminal et d'autres lois. |
| 500 | |aCover title. |
| 500 | |a"May 2018." |
| 504 | |aIncludes bibliographic references. |
| 520 | |a"On 27 February 2018, the Standing Senate Committee on Aboriginal Peoples (the Committee) began studying the subject matter of Bill C-45, An Act respecting cannabis and to amend the Controlled Drugs and Substances Act, the Criminal Code and other Acts, as it relates to the Indigenous peoples of Canada. The Committee held five meetings and heard from a diverse group of 23 witnesses, including: six Indigenous organizations, four First Nations, three regional Indigenous organizations, two Inuit Elders, two police forces, two Indigenous cannabis industry groups, and the Manitoba Child and Youth Advocate representing the Canadian Council of Child and Youth Advocates. The Committee also heard from officials from five federal government departments and from Senator Dennis Patterson, who shared his experiences from meetings with Nunavut communities. The Committee also received briefs from six organizations and individuals. It is a complex topic, but despite the short time available to conduct a study, the Committee heard from a wide range of witnesses"--Introduction, p. 7. |
| 692 | 07|2gccst|aAboriginal peoples |
| 692 | 07|2gccst|aMarijuana |
| 700 | 1 |aDyck, Lillian E.|d1945-|q(Lillian Eva) |
| 700 | 1 |aTannas, Scott, |d1962- |
| 775 | 08|tLa teneur du projet de loi C-45 |w(CaOODSP)9.856112 |
| 830 | #0|aReport of the Standing Senate Committee on Aboriginal Peoples ;|v[11th report], 42nd Legislature, 1st session|w(CaOODSP)9.834986 |
| 856 | 40|qPDF|s425 KB|uhttps://publications.gc.ca/collections/collection_2018/sen/yc28-0/YC28-0-421-11-eng.pdf |